000
00508nam a2200169Ia 4500
008
110201s9999 xx 000 0 und d
082
_b
B3270
_a
S 394
100
_a
नारायण जयप्रकाश
245
_a
स्वगत
260
_b
साधना प्रकाशन
365
_b
5
600
_a
नारायण जयप्रकाश
630
_a
स्वगत
700
_a
नारायण जयप्रकाश
730
_a
स्वगत
942
_c
BOOK
999
_c
829948
_d
829945